| 000 | 00974cam a2200277 a 4500 | ||
|---|---|---|---|
| 001 | 3793 | ||
| 005 | 20250828111357.0 | ||
| 020 | _a9780545386630 | ||
| 040 |
_aDLC _cDLC _dIG# _dBTCTA _dBAKER _dXY4 _dJED _dVP@ _dEHH _dDLC _beng |
||
| 050 | 0 | 0 |
_aE180.Y24 _b2008 |
| 082 | 0 | 0 | _a973 |
| 100 | 1 | _aYaccarino, Dan | |
| 245 | 1 | 0 |
_aGo, Go America / _cDan Yaccarino |
| 260 |
_aNew York : _bScholastic ; _c2008 |
||
| 300 |
_a71 pages : _bcolor illustrations ; _c28 cm. |
||
| 505 | _aX | ||
| 520 | _aA collection of odd facts, including festivals, contests, and laws,about the states of the United States. | ||
| 521 |
_a900
_bLexile |
||
| 521 |
_aX
_bRaz-Plus |
||
| 650 | 0 |
_aU.S. states _vMiscellanea _vJuvenile literature. |
|
| 650 | 0 |
_aCuriosities and wonders _zUnited States _vJuvenile literature. |
|
| 650 | 1 |
_aU.S. states _vMiscellanea. |
|
| 650 | 1 |
_aCuriosities and wonders _zUnited States. |
|
| 906 |
_a7 _bcbc _corignew _d1 _eocip _f20 _gy-gencatlg |
||
| 942 |
_2ddc _cBK _n0 |
||
| 999 |
_c3793 _d3793 |
||